AK’s General Knowledge A-Z #60 - Statistics

General Stats
  • This quiz has been taken 360 times
  • The average score is 17 of 26
Answer Stats
Hint Answer % Correct
C – country with the highest number of lakes Canada
92%
I – general rise in the price level over a period of time Inflation
89%
L – something you can actually climb or metaphorically climb in a corporation Ladder
89%
Z – chemical element with symbol Zn Zinc
89%
P – chess piece called “tốt” (soldier) in Vietnamese Pawn
84%
W – ABBA’s hit, or a place that saw some action on 18 June 1815 Waterloo
84%
N – the largest country in the Central American isthmus Nicaragua
78%
B – an unexpected event with a damaging effect, or what you can do to your nose Blow
76%
H – sitcom The Steve ______ Show, or first name of actor Keitel (The Piano) Harvey
73%
O – The ___ ___ and the Sea by Ernest Hemingway Old Man
73%
M – Ridge Forrester actor Ron, or what a rolling stone doesn’t gather Moss
72%
A – country led by Enver Hoxha from 1941 to 1985 Albania
69%
K – director of A Clockwork Orange, who died in 1999 Stanley Kubrick
67%
U – acronym for the administrative body for soccer in Europe; “Union des associations européennes de football” in French UEFA
65%
E – NHL team Oilers are based in this city Edmonton
62%
F – official name of Somalia is the _______ Republic of Somalia Federal
62%
X – The first ever _____ picture was taken of Anna Bertha Röntgen’s hand X-ray
62%
S – country where the second-largest city is Busan South Korea
61%
T – precedes light, follows pony Tail
61%
D – His ____ Materials, a trilogy of fantasy novels by Philip Pullman Dark
59%
Y – word expressing joy (or sceptically: ____, right) Yeah
59%
V – R&B singer Luther (“Never Too Much”, “Endless Love”) Vandross
54%
R – adventure novelist Harold, or actor Tim (The Shawshank Redemption) Robbins
53%
J – the girl who's got a gun in Aerosmith’s 1989 hit Janie
38%
Q – disk _____, a limit that restricts disk file system usage in computing Quota
31%
G – Gladstone who gets lucky breaks all the time Gander
4%
No matching quizzes found
Score Distribution
Percent of People with Each Score
Percentile by Number Answered
Your Score History
You have not taken this quiz